| 000 | 01688cam a22004694i 4500 | ||
|---|---|---|---|
| 003 | PE-LiUPU | ||
| 005 | 20250731184605.0 | ||
| 008 | 150616s r 000 0 d | ||
| 035 | _a(Sirsi) a5822 | ||
| 035 | _a(Sirsi) a5822 | ||
| 040 |
_aPE-LiUPU _bspa _cPE-LiUPU _erda |
||
| 049 | _aPRUA | ||
| 082 | 0 | 4 |
_a945.64g _bL59 _221 |
| 110 | 2 | _aLibrería Editrice Vaticana, 1974 | |
| 245 | 1 | 3 | _aEl Vaticano y Roma Cristiana. |
| 264 | 1 |
_aCitta del Vaticano : _bLibrería Editrice Vaticana, _c1974. |
|
| 300 |
_a207 páginas : _bilustraciones ; _c19 cm. |
||
| 336 |
_atext _2rdacontent |
||
| 337 |
_aunmediated _2rdamedia |
||
| 338 |
_avolume _2rdacarrier |
||
| 505 | 0 | _aEl Vaticano ciudad del espiritu.- La plaza y la Basilica de San Pedro.- Roma Cristiana.- Los Museos Vaticanos. | |
| 526 | _aP136 | ||
| 526 | _aP135 | ||
| 526 | _aP134 | ||
| 526 | _aP133 | ||
| 526 | _aP144 | ||
| 526 | _aP143 | ||
| 526 | _aP87 | ||
| 526 | _aP35 | ||
| 526 | _aP20 | ||
| 526 | _aP14 | ||
| 526 | _aP10 | ||
| 526 | _aP06 | ||
| 651 |
_aVaticano _xDesciprciones y viajes _vGuías. |
||
| 910 |
_ajck _bjvq _cjck |
||
| 942 |
_2ddc _cBOOK |
||
| 949 |
_a945.64G L59 _wDEWEY _c1 _i39227 _lRC _mBUL _r0 _sY _tBOOK _u2015-6-16 _xTEOLOGIA _zUNKNOWN _0COMPRA _o.CIRCNOTE. No olvidar cambiar la fecha de devolución!!!!!!! _o.STAFF. Colección General |
||
| 994 |
_aC0 _bPEPRU |
||
| 596 | _a1 | ||
| 999 |
_a945.64G L59 _wDEWEY _c56891 _i39227 _d56891 _f2021-11-8 _g4 _lCCODEBUL1 _mBUL _q1 _r1 _sY _tBOOK _u2015-6-16 _xTEOLOGIA _zUNKNOWN _0COMPRA _o.CIRCNOTE. No olvidar cambiar la fecha de devolución!!!!!!! _o.STAFF. Colección General |
||
| 980 |
_81 _gALBERTO SANCHEZ Responsable de Automatización |
||